Primary science : Electricity and magnetism

Shranjeno v:
Bibliografske podrobnosti
Format: Knjiga
Jezik:Undetermined
Izdano: London Routledge 1998
Teme:
Oznake: Označite
Brez oznak, prvi označite!
Thư viện lưu trữ: Trung tâm Học liệu Trường Đại học Cần Thơ
LEADER 00547nam a2200205Ia 4500
001 CTU_103267
008 210402s9999 xx 000 0 und d
020 |c 138.61 
082 |a 537 
082 |b P952 
245 0 |a Primary science : 
245 0 |b Electricity and magnetism 
245 0 |c Fabienne Brochier ... [et al.] 
260 |a London 
260 |b Routledge 
260 |c 1998 
650 |a Electricity,Magnetism 
904 |i Truc 
910 |a Đĩa kèm sách AV.000543 
980 |a Trung tâm Học liệu Trường Đại học Cần Thơ